Памятная книга по отчету ... по Тверской губернии (Запись № 5244830)

Подробности
000 -МАРКЕР
контрольное поле 02829nam1a22003491 4500
001 - ИДЕНТИФИКАТОР ЗАПИСИ
контрольное поле v19\rc\1191642
005 - ИДЕНТИФИКАТОР ВЕРСИИ
контрольное поле 20260428141837.0
035 ## - ДРУГИЕ СИСТЕМНЫЕ НОМЕРА
Идентификатор записи (NLR Aleph) 005194277
100 ## - ДАННЫЕ ОБЩЕЙ ОБРАБОТКИ
Данные общей обработки 20260503 rusy50
101 0# - ЯЗЫК РЕСУРСА
Язык текста, звукозаписи и т.д. русский
102 ## - СТРАНА ПУБЛИКАЦИИ ИЛИ ПРОИЗВОДСТВА
Страна публикации Российская Федерация
105 ## - ПОЛЕ КОДИРОВАННЫХ ДАННЫХ: ТЕКСТОВЫЕ МАТЕРИАЛЫ, МОНОГРАФИЧЕСКИЕ
Кодированные данные о монографическом текстовом документе y g |||||
200 1# - ЗАГЛАВИЕ И СВЕДЕНИЯ ОБ ОТВЕТСТВЕННОСТИ
Основное заглавие Памятная книга по отчету ... по Тверской губернии
Первые сведения об ответственности [издание Тверского губернского статистического комитета]
210 ## - ПУБЛИКАЦИЯ, РАСПРОСТРАНЕНИЕ И ДР.
Место издания, распространения и т.д. Тверь
Имя издателя, распространителя и т. д. Типография Губернского правления
Дата издания, распространения и т.д. 1845-1856
215 ## - ФИЗИЧЕСКАЯ ХАРАКТЕРИСТИКА
Размеры 26
300 ## - ОБЩИЕ ПРИМЕЧАНИЯ
Текст примечания Сведения об отвественности губернского стат. комитета приведены в списке его изданий, приложенном к ответу от 5 ноября 1870 г. на запрос ИПБ (ОАД РНБ, ф. 1, оп. 1, 1869 г., д. 65, л. 101-101 об.)
300 ## - ОБЩИЕ ПРИМЕЧАНИЯ
Текст примечания Памятные книги за 1853-1855, 1857-1860 гг. не издавались губернским стат. комитетом; в его отчетах и журналах заседаний 1854-1856 гг. (ГАТверО, ф. 131, оп. 1, д. 1351 и 1353) памятные книги (как и издательская деятельность в целом) не упоминаются. (Балацкая, Н.М., Раздорский А.И. Памятные книжки губерний и областей Российской империи : (1833-1917) : сводный каталог-репертуар. - СПб, 2008. - С. 376-378)
300 ## - ОБЩИЕ ПРИМЕЧАНИЯ
Текст примечания За 1856 изд. под загл.: Адрес-календарь всем лицам, служащим в Тверской губернии, как военного, так и гражданского ведомств...
300 ## - ОБЩИЕ ПРИМЕЧАНИЯ
Текст примечания В дальнейшем издание продолжалось под загл.: Памятная книжка Тверской губернии ...
488 #0 - ДРУГИЕ ВЗАИМОСВЯЗАННЫЕ ПРОИЗВЕДЕНИЯ (ДОКУМЕНТЫ)
Встроенное поле 2001#$aПамятная книжка Тверской губернии ...
517 1# - ДРУГИЕ ВАРИАНТЫ ЗАГЛАВИЯ
Вариант заглавия Адрес-календарь всем лицам, служащим в Тверской губернии, как военного, так и гражданского ведомств
607 ## - ГЕОГРАФИЧЕСКОЕ НАИМЕНОВАНИЕ КАК ПРЕДМЕТ
Географическое наименование Тверская губ.
Код системы nlr_sh2
Идентификатор авторитетной/нормативной записи RU\NLR\AUTH\66306282
712 02 - НАИМЕНОВАНИЕ ОРГАНИЗАЦИИ - ВТОРИЧНАЯ ОТВЕТСТВЕННОСТЬ
Начальный элемент ввода Тверской губернский статистический комитет
Идентификатор авторитетной/нормативной записи RU\NLR\AUTH\8810083392
Код отношения Издатель
801 #0 - ИСТОЧНИК ЗАПИСИ
Страна Российская Федерация
Организация NLR
Дата составления 20060306
Правила каталогизации psbo
801 #1 - ИСТОЧНИК ЗАПИСИ
Страна Российская Федерация
Организация ProSoft-M
Дата составления 20060306
Источник данных rusmarc
801 #2 - ИСТОЧНИК ЗАПИСИ
Страна Российская Федерация
Организация NLR
Дата составления 20110609
Источник данных rusmarc
852 ## - МЕСТОНАХОЖДЕНИЕ И ШИФР ХРАНЕНИЯ
Идентификатор организации NLR
Наименование фонда или коллекции (Sub-Location Identifier) С
Шифр хранения (Call Number) 595Твер./П-15 (1844-1850, 1850)
852 ## - МЕСТОНАХОЖДЕНИЕ И ШИФР ХРАНЕНИЯ
Идентификатор организации NLR
Наименование фонда или коллекции (Sub-Location Identifier) С
Шифр хранения (Call Number) 132/1583(1845-1848, 1850-1852)
942 ## - ДОПОЛНИТЕЛЬНЫЕ ЭЛЕМЕНТЫ ЗАПИСИ (АБИС)
Тип экземпляра АБИС Книга
980 ## - КОЛЛЕКЦИЯ
Название коллекции Национальная библиография

Нет доступных экземпляров.